000 00546nam a2200157 a 4500
001 000025293
005 20240320074001.0
008 110214s1997 dr 000 0 spa d
040 _aDO-SdBNP
_bspa
_cBNPHU
100 1 _aBello Peguero, Rafael,
_d1932-2022
_92405
245 1 0 _aMiguel Domingo Fuentes Lorén, pbro :
_b1871-1922 /
_ceditor Rafael Bello Peguero.
260 _aBarahona, República Dominicana :
_bEditora Amigo del Hogar,
_c1997.
300 _a27 p. ;
_c23 cm.
700 1 _aBello Peguero, Rafael,
_d1932-2022
_eed.
_92405
049 _aBNPD
999 _c24786
_d24786